[Event "DVM U20 2018"]
[Site "Osnabrück GER"]
[Date "2018.12.29"]
[Round "6"]
[White "Dechant, Georg"]
[Black "Wegmer, Leon"]
[Result "1-0"]
[Termination "normal"]
[Board "4.3"]
[WhiteElo "2104"]
[BlackElo "1892"]
[WhiteClock "01:05:54"]
[BlackClock "00:47:24"]
[WhiteTeam "SC Bavaria Regensburg"]
[BlackTeam "Karlsruher SF"]
[PlyCount "45"]
[WhiteFideId "12956716"]
[BlackFideId "12983748"]
[EventCountry "GER"]
[EventRounds "7"]
[EventType "team-swiss"]
[EventDate "2018.12.26"]

1. e4 {[%clk 1:30:54]} c5 {[%clk 1:30:48]} 2. Nf3 {[%clk 1:31:19]} e6 3. d4
{[%clk 1:31:42]} cxd4 {[%clk 1:31:44]} 4. Nxd4 {[%clk 1:32:04]} a6 {[%clk
1:32:10]} 5. Bd3 {[%clk 1:32:28]} Bc5 {[%clk 1:32:24]} 6. Nb3 {[%clk 1:32:51]}
Be7 {[%clk 1:32:49]} 7. O-O {[%clk 1:32:51]} Qc7 {[%clk 1:32:58]} 8. c4 {[%clk
1:32:22]} d6 {[%clk 1:33:17]} 9. Nc3 {[%clk 1:32:01]} Nf6 {[%clk 1:33:33]} 10.
Be3 {[%clk 1:31:36]} Nbd7 {[%clk 1:33:56]} 11. f4 {[%clk 1:31:54]} b6 {[%clk
1:30:44]} 12. Qf3 {[%clk 1:28:42]} Bb7 {[%clk 1:30:55]} 13. Rac1 {[%clk
1:27:58]} Rc8 {[%clk 1:30:08]} 14. g4 {[%clk 1:23:04]} Nc5 {[%clk 1:25:47]} 15.
Nxc5 {[%clk 1:21:41]} bxc5 {[%clk 1:22:20]} 16. g5 {[%clk 1:21:56]} Nd7 {[%clk
1:22:44]} 17. Qh3 {[%clk 1:20:37]} Nb6 {[%clk 1:13:40]} 18. f5 {[%clk 1:17:37]}
exf5 {[%clk 1:11:59]} 19. exf5 f6 {[%clk 1:03:19]} 20. Qh5+ {[%clk 1:07:27]}
Kf8 {[%clk 1:00:19]} 21. Ne2 {[%clk 1:06:19]} Qc6 {[%clk 0:48:46]} 22. Nf4
{[%clk 1:05:44]} fxg5 {[%clk 0:47:24]} 23. Ng6+ {[%clk 1:05:54]} 1-0

[Event "DVM U20 2018"]
[Site "Osnabrück GER"]
[Date "2018.12.29"]
[Round "6"]
[White "Wiesner, Alexander"]
[Black "Gabler, Eric"]
[Result "0-1"]
[Termination "normal"]
[Board "4.4"]
[WhiteElo "1939"]
[BlackElo "2103"]
[WhiteClock "00:18:45"]
[BlackClock "00:34:57"]
[WhiteTeam "Karlsruher SF"]
[BlackTeam "SC Bavaria Regensburg"]
[PlyCount "92"]
[WhiteFideId "12943991"]
[BlackFideId "12949841"]
[EventCountry "GER"]
[EventRounds "7"]
[EventType "team-swiss"]
[EventDate "2018.12.26"]

1. Nf3 {[%clk 1:30:48]} d5 {[%clk 1:30:42]} 2. c4 {[%clk 1:31:11]} c6 {[%clk
1:30:55]} 3. e3 {[%clk 1:31:31]} Nf6 {[%clk 1:30:32]} 4. Nc3 {[%clk 1:31:37]}
Nbd7 {[%clk 1:29:25]} 5. b3 {[%clk 1:27:06]} e5 {[%clk 1:26:23]} 6. cxd5 {[%clk
1:26:05]} cxd5 {[%clk 1:26:21]} 7. Bb2 {[%clk 1:25:03]} Bd6 {[%clk 1:25:55]} 8.
Qc2 {[%clk 1:24:00]} a6 9. Ne2 O-O {[%clk 1:18:19]} 10. Ng3 {[%clk 1:08:36]} g6
{[%clk 1:15:15]} 11. Ng5 Qc7 {[%clk 0:57:59]} 12. Qxc7 {[%clk 0:46:11]} Bxc7
13. Nf3 {[%clk 0:34:24]} Re8 {[%clk 0:57:01]} 14. Be2 {[%clk 0:33:10]} Bd6
{[%clk 0:56:03]} 15. O-O b6 {[%clk 0:54:36]} 16. Rfc1 {[%clk 0:26:48]} Bb7
{[%clk 0:54:35]} 17. d4 {[%clk 0:22:16]} e4 {[%clk 0:52:32]} 18. Nd2 {[%clk
0:22:06]} Nf8 {[%clk 0:45:29]} 19. Ngf1 {[%clk 0:20:39]} Ne6 {[%clk 0:44:55]}
20. Rc2 {[%clk 0:19:13]} Nd7 {[%clk 0:41:34]} 21. Rac1 {[%clk 0:19:16]} Kf8
{[%clk 0:40:43]} 22. Nb1 {[%clk 0:19:19]} Kg7 {[%clk 0:37:26]} 23. Ba3 {[%clk
0:19:40]} Bb8 {[%clk 0:36:25]} 24. Nbd2 {[%clk 0:17:17]} f5 {[%clk 0:31:38]}
25. Bd1 {[%clk 0:16:38]} Nf6 {[%clk 0:29:51]} 26. Be2 {[%clk 0:13:05]} Rd8 27.
Be7 {[%clk 0:03:11]} Rd7 {[%clk 0:28:59]} 28. Bxf6+ {[%clk 0:03:18]} Kxf6
{[%clk 0:29:19]} 29. b4 {[%clk 0:03:34]} Bd6 {[%clk 0:24:59]} 30. b5 {[%clk
0:03:31]} axb5 {[%clk 0:23:07]} 31. Bxb5 {[%clk 0:03:56]} Rc7 {[%clk 0:22:46]}
32. Nb1 {[%clk 0:03:31]} Rxa2 {[%clk 0:20:38]} 33. Rxa2 {[%clk 0:02:32]} Rxc1
{[%clk 0:21:01]} 34. Nbd2 {[%clk 0:02:34]} Rc7 {[%clk 0:19:48]} 35. f3 {[%clk
0:02:02]} Ke7 {[%clk 0:19:30]} 36. Kf2 {[%clk 0:02:17]} Bb4 {[%clk 0:16:25]}
37. Ke2 {[%clk 0:02:13]} Bc3 {[%clk 0:15:49]} 38. Nb3 {[%clk 0:02:04]} Bb4
{[%clk 0:12:23]} 39. Nfd2 {[%clk 0:02:08]} Bd6 {[%clk 0:12:23]} 40. f4 {[%clk
0:01:41]} Kf6 {[%clk 0:10:28]} 41. Nb1 {[%clk 0:00:36]} Rg7 {[%clk 0:08:01]}
42. Nc3 {[%clk 0:24:04]} Bb4 {[%clk 0:36:41]} 43. Na4 {[%clk 0:23:38]} Nc7
{[%clk 0:36:53]} 44. Rb2 {[%clk 0:21:27]} Nxb5 {[%clk 0:36:47]} 45. Na1 {[%clk
0:21:16]} Ba5 {[%clk 0:35:59]} 46. Kf2 {[%clk 0:18:45]} Bc6 {[%clk 0:34:57]}
0-1

[Event "DVM U20 2018"]
[Site "Osnabrück GER"]
[Date "2018.12.29"]
[Round "6"]
[White "Brüll, Elias"]
[Black "Fidlin, Simon"]
[Result "1/2-1/2"]
[Termination "normal"]
[Board "4.5"]
[WhiteElo "1884"]
[BlackElo "1893"]
[WhiteClock "00:06:53"]
[BlackClock "00:21:33"]
[WhiteTeam "SC Bavaria Regensburg"]
[BlackTeam "Karlsruher SF"]
[PlyCount "72"]
[WhiteFideId "12964921"]
[BlackFideId "16217535"]
[EventCountry "GER"]
[EventRounds "7"]
[EventType "team-swiss"]
[EventDate "2018.12.26"]

1. e4 {[%clk 1:30:57]} e6 {[%clk 1:30:55]} 2. d3 {[%clk 1:31:10]} d5 {[%clk
1:31:18]} 3. Nd2 {[%clk 1:31:36]} Nf6 {[%clk 1:31:29]} 4. Ngf3 {[%clk 1:31:51]}
Nc6 {[%clk 1:30:59]} 5. g3 {[%clk 1:30:22]} dxe4 {[%clk 1:31:22]} 6. dxe4 e5 7.
Bg2 {[%clk 1:29:09]} Bc5 {[%clk 1:31:44]} 8. O-O {[%clk 1:27:46]} Be6 {[%clk
1:30:22]} 9. c3 {[%clk 1:22:18]} a5 {[%clk 1:30:47]} 10. Qc2 {[%clk 1:21:50]}
Qe7 11. Nb3 {[%clk 1:07:20]} Bb6 {[%clk 1:28:29]} 12. Re1 Rd8 {[%clk 1:21:13]}
13. Be3 {[%clk 1:05:19]} Bxe3 {[%clk 1:18:43]} 14. Rxe3 {[%clk 1:05:39]} O-O
15. Rd1 Rxd1+ {[%clk 1:12:00]} 16. Qxd1 {[%clk 0:58:41]} Bc4 17. Bf1 Rd8 {[%clk
1:11:02]} 18. Qc2 {[%clk 0:51:51]} Bxf1 {[%clk 1:09:45]} 19. Kxf1 {[%clk
0:52:10]} Qe6 {[%clk 1:03:04]} 20. Kg2 {[%clk 0:38:16]} Qc4 21. Nfd2 Qa6 {[%clk
1:01:50]} 22. Nc1 {[%clk 0:37:31]} Ne8 {[%clk 0:55:11]} 23. Rd3 Nd6 24. a4
{[%clk 0:30:37]} Qb6 {[%clk 0:51:42]} 25. f3 Qc5 {[%clk 0:41:48]} 26. Ncb3
{[%clk 0:26:44]} Qa7 {[%clk 0:38:10]} 27. Nc1 g6 {[%clk 0:36:47]} 28. Qb3
{[%clk 0:15:19]} Qc5 {[%clk 0:35:38]} 29. Qd5 {[%clk 0:14:19]} Qb6 {[%clk
0:34:04]} 30. Qb3 Qa6 31. Qc2 {[%clk 0:11:13]} Kg7 {[%clk 0:33:23]} 32. Qb3
{[%clk 0:09:32]} Qa7 {[%clk 0:30:24]} 33. Qc2 {[%clk 0:07:41]} h5 34. h4 Qc5
{[%clk 0:27:16]} 35. Ncb3 {[%clk 0:06:53]} Qb6 {[%clk 0:27:27]} 36. Nc1 Qc5
{[%clk 0:21:33]} 1/2-1/2

[Event "DVM U20 2018"]
[Site "Osnabrück GER"]
[Date "2018.12.29"]
[Round "6"]
[White "Grining, Maria"]
[Black "Ließ, Alexander"]
[Result "1/2-1/2"]
[Termination "normal"]
[Board "4.6"]
[WhiteElo "1618"]
[BlackElo "1782"]
[WhiteClock "00:28:18"]
[BlackClock "00:08:49"]
[WhiteTeam "Karlsruher SF"]
[BlackTeam "SC Bavaria Regensburg"]
[PlyCount "44"]
[WhiteFideId "16235037"]
[BlackFideId "16221338"]
[EventCountry "GER"]
[EventRounds "7"]
[EventType "team-swiss"]
[EventDate "2018.12.26"]

1. Nf3 {[%clk 1:30:57]} e6 {[%clk 1:29:28]} 2. d4 {[%clk 1:30:23]} f5 {[%clk
1:28:40]} 3. g3 {[%clk 1:30:31]} Nf6 {[%clk 1:28:48]} 4. Bg2 {[%clk 1:30:42]}
d6 {[%clk 1:27:58]} 5. b3 {[%clk 1:30:20]} g6 {[%clk 1:26:21]} 6. Bb2 {[%clk
1:30:15]} Bg7 {[%clk 1:26:34]} 7. O-O {[%clk 1:30:06]} O-O {[%clk 1:26:25]} 8.
Nbd2 {[%clk 1:26:19]} Qe7 {[%clk 1:21:02]} 9. Re1 {[%clk 1:11:38]} Ne4 10. c4
Nc6 {[%clk 1:04:18]} 11. Qc2 {[%clk 1:07:39]} Nxd2 {[%clk 1:02:49]} 12. Qxd2 e5
{[%clk 0:58:56]} 13. dxe5 {[%clk 1:05:58]} dxe5 {[%clk 0:58:21]} 14. e4 {[%clk
1:02:42]} f4 {[%clk 0:51:45]} 15. Rad1 {[%clk 0:55:45]} Bg4 {[%clk 0:29:28]}
16. Rf1 Rad8 17. Qc1 {[%clk 0:43:33]} fxg3 {[%clk 0:25:56]} 18. fxg3 {[%clk
0:43:42]} Rxd1 {[%clk 0:20:59]} 19. Qxd1 {[%clk 0:43:35]} Rd8 {[%clk 0:19:56]}
20. Qe1 {[%clk 0:38:45]} Rd7 21. Qf2 Qd8 {[%clk 0:09:49]} 22. Bc1 {[%clk
0:28:18]} h6 {[%clk 0:08:49]} 1/2-1/2

[Event "DVM U20 2018"]
[Site "Osnabrück GER"]
[Date "2018.12.29"]
[Round "6"]
[White "Reindl, Arno"]
[Black "Browning, Alex"]
[Result "0-1"]
[Termination "normal"]
[Board "5.1"]
[WhiteElo "2053"]
[BlackElo "2052"]
[WhiteTeam "SG Schwäbisch Gmünd"]
[BlackTeam "Märkischer Springer Halver-Schalksmühle"]
[PlyCount "62"]
[WhiteFideId "12946729"]
[BlackFideId "12984019"]
[EventCountry "GER"]
[EventRounds "7"]
[EventType "team-swiss"]
[EventDate "2018.12.26"]

1. e4 c5 2. Nf3 d6 3. d4 cxd4 4. Qxd4 Nc6 5. Bb5 Bd7 6. Bxc6 Bxc6 7. Nc3 Nf6 8.
Bg5 e6 9. O-O-O Be7 10. Qd3 O-O 11. Nd4 Qa5 12. h4 Bd7 13. Nb3 Qb6 14. f4 Bc6
15. Qe2 Rfe8 16. Rh3 a5 17. Nd4 Kh8 18. Nf3 Kg8 19. Bxf6 Bxf6 20. Ng5 g6 21. h5
Bxg5 22. fxg5 Qc5 23. Qg4 Qe5 24. Rdh1 Re7 25. Rf3 a4 26. hxg6 fxg6 27. a3 Ra5
28. Rg3 Rf7 29. Rd1 Rc5 30. Kb1 Rc4 31. Rf3 Bxe4 0-1

[Event "DVM U20 2018"]
[Site "Osnabrück GER"]
[Date "2018.12.29"]
[Round "6"]
[White "von Bargen, Lukas"]
[Black "Kasüschke, Lars"]
[Result "1-0"]
[Termination "normal"]
[Board "5.2"]
[WhiteElo "1974"]
[BlackElo "1987"]
[WhiteTeam "Märkischer Springer Halver-Schalksmühle"]
[BlackTeam "SG Schwäbisch Gmünd"]
[PlyCount "101"]
[WhiteFideId "12946141"]
[BlackFideId "12939510"]
[EventCountry "GER"]
[EventRounds "7"]
[EventType "team-swiss"]
[EventDate "2018.12.26"]

1. d4 Nf6 2. c4 e6 3. Nf3 d5 4. g3 Be7 5. Bg2 O-O 6. O-O dxc4 7. Ne5 Nc6 8.
Nxc6 bxc6 9. Na3 Bxa3 10. bxa3 Nd5 11. Qa4 Nb6 12. Qa5 Rb8 13. Rd1 c5 14. Qxa7
Bd7 15. dxc5 Nd5 16. Bf4 Qe7 17. Bxd5 exd5 18. Qxc7 Rb2 19. e4 Rc8 20. Qe5 Qxe5
21. Bxe5 Re2 22. Rxd5 Bc6 23. Rd4 Bxe4 24. Rxc4 Bd3 25. Rd4 Rxe5 26. Rxd3 Rexc5
27. Rad1 g6 28. Kg2 Kg7 29. Rd7 Ra8 30. R1d3 Rc2 31. Rf3 Rf8 32. g4 g5 33. Kg3
Rxa2 34. Ra7 Kg6 35. h4 gxh4+ 36. Kxh4 Ra1 37. Rf5 f6 38. Kg3 Rd8 39. Ra6 Rg1+
40. Kf3 Rf8 41. Kf4 Kg7 42. f3 Rg2 43. Ra7+ Kg6 44. Rh5 h6 45. Rf5 Ra2 46. a4
Rb8 47. a5 Rb4+ 48. Kg3 Rb3 49. Ra6 Kg7 50. Rfxf6 Rxa5 51. Rxh6 1-0

[Event "DVM U20 2018"]
[Site "Osnabrück GER"]
[Date "2018.12.29"]
[Round "6"]
[White "Baars, Mario"]
[Black "Kroo, Julian"]
[Result "1-0"]
[Termination "normal"]
[Board "5.3"]
[WhiteElo "1840"]
[BlackElo "1827"]
[WhiteTeam "SG Schwäbisch Gmünd"]
[BlackTeam "Märkischer Springer Halver-Schalksmühle"]
[PlyCount "131"]
[WhiteFideId "16200160"]
[BlackFideId "12989908"]
[EventCountry "GER"]
[EventRounds "7"]
[EventType "team-swiss"]
[EventDate "2018.12.26"]

1. d4 Nf6 2. c4 e6 3. Nc3 Bb4 4. Qc2 d5 5. a3 Be7 6. cxd5 exd5 7. Bg5 h6 8. Bh4
O-O 9. e3 c6 10. Bd3 Nbd7 11. Nge2 Re8 12. O-O Nf8 13. b4 Ne6 14. Na4 Bd7 15.
Nc5 Nxc5 16. bxc5 b5 17. f3 a5 18. Nc3 Be6 19. Rad1 Qd7 20. Bf2 Reb8 21. Bg3
Rb7 22. Rb1 Nh5 23. Bf2 Bd8 24. e4 Nf4 25. exd5 Nxd5 26. Ne4 Bc7 27. Rfe1 Rab8
28. Bg3 Nf4 29. Bf2 Qd5 30. Ng3 Nxd3 31. Qxd3 Rd8 32. Rbd1 a4 33. Ne4 Qh5 34.
Bg3 Bc4 35. Qd2 Bb3 36. Bxc7 Rxc7 37. Rc1 Rcd7 38. Nd6 Rxd6 39. cxd6 Rxd6 40.
Re4 c5 41. Qf4 Rxd4 42. Rxd4 cxd4 43. Qxd4 Qd5 44. Qxd5 Bxd5 45. Kf2 Kf8 46.
Ke3 Ke7 47. Kd4 Kd6 48. Rc5 Bc4 49. Rxc4 bxc4 50. Kxc4 Kc6 51. Kb4 Kd5 52. Kxa4
Kc4 53. g4 g5 54. Ka5 Kc5 55. a4 Kc6 56. Kb4 Kb6 57. a5+ Ka6 58. Ka4 f6 59. h3
Ka7 60. Kb5 Kb7 61. a6+ Ka7 62. Ka5 h5 63. gxh5 f5 64. h6 f4 65. h7 g4 66. h8=Q
1-0

[Event "DVM U20 2018"]
[Site "Osnabrück GER"]
[Date "2018.12.29"]
[Round "6"]
[White "Kölz, Niklas"]
[Black "Reindl, Knut"]
[Result "1/2-1/2"]
[Termination "normal"]
[Board "5.4"]
[WhiteElo "1778"]
[BlackElo "1857"]
[WhiteTeam "Märkischer Springer Halver-Schalksmühle"]
[BlackTeam "SG Schwäbisch Gmünd"]
[PlyCount "91"]
[WhiteFideId "12971758"]
[BlackFideId "12946753"]
[EventCountry "GER"]
[EventRounds "7"]
[EventType "team-swiss"]
[EventDate "2018.12.26"]

1. c4 c5 2. f4 Nc6 3. Nc3 g6 4. e4 Bg7 5. Nf3 d6 6. d3 Nf6 7. Be2 O-O 8. h3 Ne8
9. Be3 Nc7 10. Qd2 a6 11. d4 cxd4 12. Nxd4 Rb8 13. O-O Nxd4 14. Bxd4 Bxd4+ 15.
Qxd4 b5 16. Rad1 bxc4 17. Bxc4 Nb5 18. Bxb5 axb5 19. e5 Qb6 20. Qxb6 Rxb6 21.
Nd5 Rb7 22. exd6 exd6 23. Nf6+ Kg7 24. Rxd6 Be6 25. Nd5 Rc8 26. Nb4 Rc4 27. a3
Re4 28. Rd2 Bc4 29. Rf3 Rbe7 30. Rdf2 h5 31. f5 gxf5 32. Rxf5 h4 33. Kh2 Rd7
34. Nc6 Rd6 35. Ne5 Rd1 36. Nf3 f6 37. g4 hxg3+ 38. Kxg3 Rd3 39. Rf4 Ree3 40.
a4 Rb3 41. axb5 Bxb5 42. Kh4 Bd7 43. Kg3 Bc6 44. h4 Be4 45. Kg2 f5 46. Kg3
1/2-1/2

[Event "DVM U20 2018"]
[Site "Osnabrück GER"]
[Date "2018.12.29"]
[Round "6"]
[White "Lang, Thomas"]
[Black "Leonidas, Robert"]
[Result "1-0"]
[Termination "normal"]
[Board "5.5"]
[WhiteElo "1757"]
[BlackElo "1362"]
[WhiteTeam "SG Schwäbisch Gmünd"]
[BlackTeam "Märkischer Springer Halver-Schalksmühle"]
[PlyCount "53"]
[WhiteFideId "12982520"]
[BlackFideId "16274776"]
[EventCountry "GER"]
[EventRounds "7"]
[EventType "team-swiss"]
[EventDate "2018.12.26"]

1. e4 e5 2. Nf3 Nc6 3. Bc4 Bc5 4. c3 Nf6 5. d3 d6 6. Bg5 h6 7. Bh4 Bg4 8. O-O
g5 9. Bg3 Qd7 10. Nbd2 O-O-O 11. b4 Bb6 12. Qb3 Be6 13. a4 a5 14. Rfb1 h5 15.
h4 g4 16. Bxe6 fxe6 17. Ng5 d5 18. b5 Na7 19. Bxe5 Rhf8 20. d4 Rde8 21. Re1
dxe4 22. Ndxe4 Nd5 23. c4 Re7 24. cxd5 exd5 25. Nf6 Qf5 26. Qa3 Rg7 27. Qxf8#
1-0

[Event "DVM U20 2018"]
[Site "Osnabrück GER"]
[Date "2018.12.29"]
[Round "6"]
[White "Thomsen, Phil"]
[Black "Zähringer, Daniel"]
[Result "1/2-1/2"]
[Termination "normal"]
[Board "6.1"]
[WhiteElo "2134"]
[BlackElo "2142"]
[WhiteTeam "SGes Bensheim"]
[BlackTeam "SK König Plauen"]
[PlyCount "40"]
[WhiteFideId "12955736"]
[BlackFideId "12970280"]
[EventCountry "GER"]
[EventRounds "7"]
[EventType "team-swiss"]
[EventDate "2018.12.26"]

1. e4 e5 2. Nf3 Nf6 3. Nxe5 d6 4. Nf3 Nxe4 5. Nc3 Nxc3 6. dxc3 Be7 7. Be3 Nd7
8. Qd2 Nf6 9. O-O-O O-O 10. Bd3 c5 11. h4 Be6 12. Kb1 Qa5 13. c4 Qxd2 14. Rxd2
h6 15. Re2 d5 16. cxd5 Nxd5 17. Ne5 Nxe3 18. Rxe3 Bf6 19. g3 Rfd8 20. Rhe1 Rac8
1/2-1/2

[Event "DVM U20 2018"]
[Site "Osnabrück GER"]
[Date "2018.12.29"]
[Round "6"]
[White "Burian, Simon"]
[Black "Keller, Yannik"]
[Result "0-1"]
[Termination "normal"]
[Board "6.2"]
[WhiteElo "2129"]
[BlackElo "1977"]
[WhiteTeam "SK König Plauen"]
[BlackTeam "SGes Bensheim"]
[PlyCount "90"]
[WhiteFideId "12956902"]
[BlackFideId "12970204"]
[EventCountry "GER"]
[EventRounds "7"]
[EventType "team-swiss"]
[EventDate "2018.12.26"]

1. e4 e5 2. Nf3 Nc6 3. Bc4 Nf6 4. d3 Bc5 5. c3 O-O 6. O-O d5 7. exd5 Nxd5 8.
Re1 Bg4 9. h3 Bh5 10. Nbd2 Bb6 11. Ne4 f6 12. b4 Kh8 13. Ba3 f5 14. Neg5 Nxc3
15. Qd2 Bxf3 16. Nxf3 e4 17. Nh2 exd3 18. Qxc3 Qh4 19. Qd2 Qxc4 20. b5 Ba5 21.
Qg5 Bxe1 22. Bxf8 Bxf2+ 23. Kh1 Rxf8 24. bxc6 Qxc6 25. Nf3 Qf6 26. Rd1 Qxg5 27.
Nxg5 d2 28. Ne6 Re8 29. Rxd2 Bg3 30. Rd7 g6 31. Rd8 Rxd8 32. Nxd8 b6 33. Nc6 a5
34. Kg1 Kg7 35. Kf1 Kf6 36. Ke2 Ke6 37. Kf3 Bd6 38. Nd8+ Kd5 39. Nf7 b5 40. Ke3
Kc4 41. Ng5 Kc3 42. Nxh7 a4 43. Nf6 a3 44. Nd5+ Kb2 45. Kd2 b4 0-1

[Event "DVM U20 2018"]
[Site "Osnabrück GER"]
[Date "2018.12.29"]
[Round "6"]
[White "Kaiser, Frederic"]
[Black "Linnert, Niklas"]
[Result "0-1"]
[Termination "normal"]
[Board "6.3"]
[WhiteElo "1880"]
[BlackElo "1939"]
[WhiteTeam "SGes Bensheim"]
[BlackTeam "SK König Plauen"]
[PlyCount "62"]
[WhiteFideId "16240618"]
[BlackFideId "12974781"]
[EventCountry "GER"]
[EventRounds "7"]
[EventType "team-swiss"]
[EventDate "2018.12.26"]

1. e4 c5 2. Nf3 e6 3. g3 Nc6 4. Bg2 d5 5. exd5 exd5 6. O-O Nf6 7. d4 Bg4 8.
Re1+ Be7 9. dxc5 O-O 10. Bg5 Bxc5 11. Nc3 Qb6 12. Qd2 Ne4 13. Nxe4 dxe4 14.
Rxe4 Qxb2 15. Rd1 Bf5 16. Re2 Bb4 17. c3 Qxc3 18. Qxc3 Bxc3 19. Rc1 Bb4 20. Nh4
Nd4 21. Re3 Bd2 22. Rd1 Bxe3 23. Bxe3 Ne2+ 24. Kf1 Nc3 25. Rd2 Be4 26. Bxe4
Nxe4 27. Rd7 b6 28. Nf5 Nf6 29. Rd2 Rfd8 30. Rc2 Nd5 31. Bc1 Rac8 0-1

[Event "DVM U20 2018"]
[Site "Osnabrück GER"]
[Date "2018.12.29"]
[Round "6"]
[White "Hörkner, Nico"]
[Black "Hennemann, Florian"]
[Result "0-1"]
[Termination "normal"]
[Board "6.4"]
[WhiteElo "1775"]
[BlackElo "1869"]
[WhiteTeam "SK König Plauen"]
[BlackTeam "SGes Bensheim"]
[PlyCount "76"]
[WhiteFideId "12974900"]
[BlackFideId "16272692"]
[EventCountry "GER"]
[EventRounds "7"]
[EventType "team-swiss"]
[EventDate "2018.12.26"]

1. Nf3 Nf6 2. d4 g6 3. g3 Bg7 4. Bg2 d6 5. O-O O-O 6. c4 Nbd7 7. Nc3 e5 8. d5
a5 9. e4 Nc5 10. Qc2 Ne8 11. Ne1 f5 12. Nd3 f4 13. f3 h5 14. a3 Bd7 15. b3 Kh7
16. Bd2 Bh6 17. b4 Nxd3 18. Qxd3 c5 19. bxc5 dxc5 20. Ne2 fxg3 21. hxg3 Bxd2
22. Qxd2 Nd6 23. Qc3 Qe7 24. a4 g5 25. Rfb1 Ra6 26. Nc1 g4 27. fxg4 Bxg4 28.
Nd3 Nf7 29. Qb2 Qg5 30. Nxc5 Rf6 31. Qc1 Qg6 32. Qc3 Ng5 33. Rf1 Nf3+ 34. Kh1
Bh3 35. Ne6 Qxg3 36. Nxf8+ Rxf8 37. Bxf3 Bxf1 38. Rxf1 Rf4 0-1

[Event "DVM U20 2018"]
[Site "Osnabrück GER"]
[Date "2018.12.29"]
[Round "6"]
[White "Pitz, Sebastian"]
[Black "Helmrich, Daniel"]
[Result "0-1"]
[Termination "normal"]
[Board "6.5"]
[WhiteElo "1500"]
[BlackElo "1783"]
[WhiteTeam "SGes Bensheim"]
[BlackTeam "SK König Plauen"]
[PlyCount "56"]
[WhiteFideId "16274806"]
[BlackFideId "12956767"]
[EventCountry "GER"]
[EventRounds "7"]
[EventType "team-swiss"]
[EventDate "2018.12.26"]

1. d4 Nf6 2. c4 e6 3. Nf3 b6 4. g3 Bb7 5. Bg2 Be7 6. Nc3 d5 7. Ne5 c6 8. O-O
Nbd7 9. b3 O-O 10. Qd3 Rc8 11. Bf4 c5 12. Rae1 cxd4 13. Qxd4 Bc5 14. Qd3 Nh5
15. Qf3 Nxf4 16. gxf4 Nxe5 17. fxe5 Bb4 18. Rd1 Qg5 19. a3 Bxc3 20. Qxc3 dxc4
21. f3 cxb3 22. Qb2 Qe3+ 23. Kh1 Rc2 24. Qd4 Qxd4 25. Rxd4 b2 26. Rb4 g6 27. h3
Rd8 28. Rf2 Rd1+ 0-1

[Event "DVM U20 2018"]
[Site "Osnabrück GER"]
[Date "2018.12.29"]
[Round "6"]
[White "Elstner, Florian"]
[Black "Simrock, Manuel"]
[Result "1/2-1/2"]
[Termination "normal"]
[Board "6.6"]
[WhiteElo "1284"]
[BlackElo "1146"]
[WhiteTeam "SK König Plauen"]
[BlackTeam "SGes Bensheim"]
[PlyCount "44"]
[WhiteFideId "16247264"]
[BlackFideId "16274814"]
[EventCountry "GER"]
[EventRounds "7"]
[EventType "team-swiss"]
[EventDate "2018.12.26"]

1. d4 d5 2. c4 c6 3. Nc3 Nf6 4. Bg5 e6 5. e3 Be7 6. cxd5 exd5 7. Bd3 Be6 8.
Nge2 Nbd7 9. Qc2 O-O 10. f3 h6 11. Bxf6 Bxf6 12. g4 Bh4+ 13. Ng3 Qf6 14. Qg2
Qg5 15. Kd2 f5 16. gxf5 Bxf5 17. Bxf5 Rxf5 18. Rhg1 Rf7 19. Raf1 Re8 20. f4 Qe7
21. Rf3 Nb6 22. b3 Bxg3 1/2-1/2

[Event "DVM U20 2018"]
[Site "Osnabrück GER"]
[Date "2018.12.29"]
[Round "6"]
[White "Wacker, Felix"]
[Black "Grohmann, Alexander"]
[Result "1/2-1/2"]
[Termination "normal"]
[Board "7.1"]
[WhiteElo "1999"]
[BlackElo "1985"]
[WhiteTeam "SC 1997 Lambsheim"]
[BlackTeam "FVS ASP Hoyerswerda"]
[PlyCount "46"]
[WhiteFideId "12953040"]
[BlackFideId "12947679"]
[EventCountry "GER"]
[EventRounds "7"]
[EventType "team-swiss"]
[EventDate "2018.12.26"]

1. e4 c5 2. Nf3 d6 3. d4 cxd4 4. Nxd4 Nf6 5. Nc3 a6 6. Be3 e5 7. Nb3 Be7 8. h3
Be6 9. Qf3 O-O 10. O-O-O Qc8 11. g4 a5 12. Nd5 Bxd5 13. exd5 a4 14. Nd2 a3 15.
b3 Qc3 16. Nb1 Qb2+ 17. Kd2 e4 18. Qf5 g6 19. Qf4 Nxd5 20. Qxe4 Nxe3 21. fxe3
Nc6 22. Nc3 Bf6 23. Nd5 Bg7 1/2-1/2

[Event "DVM U20 2018"]
[Site "Osnabrück GER"]
[Date "2018.12.29"]
[Round "6"]
[White "Rössel, Louis"]
[Black "Mühlpfordt, Thomas"]
[Result "1-0"]
[Termination "normal"]
[Board "7.2"]
[WhiteElo "1977"]
[BlackElo "1927"]
[WhiteTeam "FVS ASP Hoyerswerda"]
[BlackTeam "SC 1997 Lambsheim"]
[PlyCount "27"]
[WhiteFideId "12966398"]
[BlackFideId "12986623"]
[EventCountry "GER"]
[EventRounds "7"]
[EventType "team-swiss"]
[EventDate "2018.12.26"]

1. e4 e5 2. Nf3 Nc6 3. Bc4 Nf6 4. d3 d5 5. exd5 Nxd5 6. h3 Bc5 7. O-O O-O 8.
Re1 Re8 9. a3 f6 10. d4 Bb6 11. dxe5 Be6 12. exf6 gxf6 13. Rxe6 Rxe6 14. Qxd5
1-0

[Event "DVM U20 2018"]
[Site "Osnabrück GER"]
[Date "2018.12.29"]
[Round "6"]
[White "Wacker, Andreas"]
[Black "Hassemeier, Mika"]
[Result "1/2-1/2"]
[Termination "normal"]
[Board "7.3"]
[WhiteElo "1863"]
[BlackElo "1833"]
[WhiteTeam "SC 1997 Lambsheim"]
[BlackTeam "FVS ASP Hoyerswerda"]
[PlyCount "42"]
[WhiteFideId "12953083"]
[BlackFideId "12994880"]
[EventCountry "GER"]
[EventRounds "7"]
[EventType "team-swiss"]
[EventDate "2018.12.26"]

1. e4 c5 2. Nc3 e6 3. g3 Nc6 4. Bg2 g6 5. d3 Bg7 6. Be3 Nd4 7. Qd2 Ne7 8. Nd1
d6 9. c3 Ndc6 10. f4 b6 11. Nf3 d5 12. e5 Nf5 13. Bf2 h5 14. Ne3 Qd7 15. Nxf5
gxf5 16. c4 d4 17. a3 a5 18. Rb1 Bb7 19. a4 Nb4 20. b3 Bf8 21. Rg1 Be7 1/2-1/2